Cavs Records - Assists - Statistics

General Stats
  • This quiz has been taken 20 times
    4 since last reset
  • The average score is 7 of 15
Answer Stats
Rank No. Total Assists Answer % Correct
*3* 2,558 Darius Garland
100%
7 2,115 Kyrie Irving
100%
1 6,228 LeBron James
100%
2 4,206 Mark Price
100%
10 1,820 Austin Carr
50%
8 2,028 Brad Daugherty
50%
11 1,803 Craig Ehlo
50%
13 1,566 Robert "Bingo" Smith
50%
15 1,441 Brevin Knight
25%
5 2,235 Terrell Brandon
25%
9 2,015 Andre Miller
0%
5 2,115 Foots Walker
0%
12 1,630 Geoff Huston
0%
14 1,549 Jim Cleamons
0%
4 2,311 John Bagley
0%
No matching quizzes found
Score Distribution
Percent of People with Each Score
Percentile by Number Answered
Your Score History
You have not taken this quiz since the last reset